000 00632nam a22001937a 4500
005 20251108173403.0
008 250721s1997 xx 000 0 ara d
082 1 4 _aط/928.11/نعم
100 1 _aالنعماني، عبد العزيز
245 1 0 _aرحلة طائر في دنيا الشعر : أبو القاسم الشابي /
264 1 _aالقاهرة :
_bالدار المصرية اللبنانية،
_c1997.
300 _a88ص.
650 1 7 _aالشعراء العرب
650 1 7 _aالتراجم
650 1 7 _aتونس
653 _aناشاون صغار (10-14) سنه
942 _2ddc
_cBK
999 _c102693
_d102693